Online katalóg knižníc regiónu Turca

Milenka (Record no. 22002)

MARC details
000 -LEADER
fixed length control field 01621cam a2200457 a 4500
001 - CONTROL NUMBER
control field 22002
003 - CONTROL NUMBER IDENTIFIER
control field VRT
005 - DATE AND TIME OF LATEST TRANSACTION
control field 20260317144719.0
008 - FIXED-LENGTH DATA ELEMENTS--GENERAL INFORMATION
fixed length control field 240226s2003 xo gr 000 f slo
015 ## - NATIONAL BIBLIOGRAPHY NUMBER
National bibliography number SNBA2004/02-00888
020 ## - INTERNATIONAL STANDARD BOOK NUMBER
International Standard Book Number 8055105499
Qualifying information (viazané)
035 ## - SYSTEM CONTROL NUMBER
System control number SNK000415361
035 ## - SYSTEM CONTROL NUMBER
System control number urn:nbn:sk:snk-am3j1jx
035 ## - SYSTEM CONTROL NUMBER
System control number CB633D49-5404-48CB-BFFF-01C07D2E730C
035 ## - SYSTEM CONTROL NUMBER
System control number urn:nbn:sk:snk-am00ghrq
039 #9 - LEVEL OF BIBLIOGRAPHIC CONTROL AND CODING DETAIL [OBSOLETE]
Level of rules in bibliographic description 202402261826
Level of effort used to assign nonsubject heading access points VLOAD
Level of effort used to assign subject headings 202205091516
Level of effort used to assign classification VLOAD
Level of effort used to assign subject headings 202204221211
Level of effort used to assign classification VLOAD
Level of effort used to assign subject headings 202106301238
Level of effort used to assign classification AUTHORITY
040 ## - CATALOGING SOURCE
Original cataloging agency SNK
Language of cataloging slo
Transcribing agency SNK
Description conventions AACR2
041 1# - LANGUAGE CODE
Language code of text/sound track or separate title slo
Language code of original eng
044 ## - COUNTRY OF PUBLISHING/PRODUCING ENTITY CODE
MARC country code xo
ISO country code SK
072 #7 - SUBJECT CATEGORY CODE
Subject category code 821.111(73)-3
Subject category code subdivision Americká próza
Source konspekt
080 ## - UNIVERSAL DECIMAL CLASSIFICATION NUMBER
Universal Decimal Classification number 821.111 (73)-3
Edition identifier 1997
080 ## - UNIVERSAL DECIMAL CLASSIFICATION NUMBER
Universal Decimal Classification number 821.111(73)-31
Edition identifier 2011
080 ## - UNIVERSAL DECIMAL CLASSIFICATION NUMBER
Universal Decimal Classification number (0:82-312.5)
Edition identifier 2011
100 1# - MAIN ENTRY--PERSONAL NAME
Personal name Quick, Amanda,
Dates associated with a name 1948-
Relationship aut
240 10 - UNIFORM TITLE
Uniform title Mistress
Language of a work Slovensky
245 10 - TITLE STATEMENT
Title Milenka
Statement of responsibility, etc. Amanda Quicková ; [z anglického originálu preložila Jana Melcerová]
250 ## - EDITION STATEMENT
Edition statement [1. vyd.]
260 ## - PUBLICATION, DISTRIBUTION, ETC.
Place of publication, distribution, etc. Bratislava
Name of publisher, distributor, etc. Ikar
Date of publication, distribution, etc. 2003
300 ## - PHYSICAL DESCRIPTION
Extent 311 strán
Dimensions 21 cm
655 #7 - INDEX TERM--GENRE/FORM
Genre/form data or focus term americké romány
Source of term SNKPH
655 #7 - INDEX TERM--GENRE/FORM
Genre/form data or focus term ľúbostné romány
Source of term SNKPH
700 1# - ADDED ENTRY--PERSONAL NAME
Personal name Melcerová, Jana
Relationship trl
910 ## - USER-OPTION DATA (OCLC)
User-option data snk
942 ## - ADDED ENTRY ELEMENTS (KOHA)
Source of classification or shelving scheme Dewey Decimal Classification
Koha item type Krásna literatúra pre dospelých
Suppress in OPAC No
949 ## - LOCAL PROCESSING INFORMATION (OCLC)
6 17A0398370
9 P60, <03>, [BOOK], {603}
a snkSC 113043
b snkKSP 12015/2003
s 6100:20210507
949 ## - LOCAL PROCESSING INFORMATION (OCLC)
6 17A0401581
9 P60, <05>, [BOOK], {605}
a snkSC 113043 D1
b snkKSP 13611/2003
949 ## - LOCAL PROCESSING INFORMATION (OCLC)
6 2889120184
a savukPV 6285
949 ## - LOCAL PROCESSING INFORMATION (OCLC)
6 270001000215329
a svkbbA 108040
b svkbbm 650984
p 650.984
949 ## - LOCAL PROCESSING INFORMATION (OCLC)
6 3869A09674
a bpksh820(73)-31
b bpksh48375
949 ## - LOCAL PROCESSING INFORMATION (OCLC)
6 273K0477348
a svkpoA 185911
b svkpo464534
Holdings
Stav vyradenia Strata Poškodenie Spôsob nadobudnutia Domovská knižnica Aktuálna knižnica Dátum nadobudnutia Total checkouts Čiarový kód exemplára Date last seen Typ exemplára
      Dar Obecná knižnica Horná Štubňa Obecná knižnica Horná Štubňa 28.03.2026   9788055105499 28.03.2026 Krásna literatúra pre dospelých
      Dar Obecná knižnica Turčianska Štiavnička Obecná knižnica Turčianska Štiavnička 17.03.2026   4738000488 17.03.2026 Krásna literatúra pre dospelých
Projekt je podporený Slovenskou asociáciou knižníc
Prevádzkuje Turčianska knižnica Martin 2026